004050000a220010900045001000040000002450067000403000050001077730023001579420008001809520090001889990017002781 aChaj Hernández, José Benjamín10aEl maiz : Un paradigma teológico para la pastoral indígena aVol. 12, Num. 1 (Junio, 1992), Páginas 5-250 tVida y pensamiento cANA 001040708HEMaFUSBCbFUSBCd2016-01-26l0o r2016-01-26 00:00:00w2016-01-26yANA c53014d53014